• 首页
  • 本馆介绍
  • 公告通知
  • 最新文献
  • 馆藏检索
  • 电子资源
  • 读者导购
  • 参考咨询
  • 我的图书馆
  • 登录
  • 详细信息显示
  • 放入我的书架
  • 预约/预借图书
  • 作者相关作品
  • 分类相关作品
  • 丛书相关作品
  • 出版社相关作品

书目信息

  • 表格格式
  • 工作单格式
  • 卡片格式
题名:
中国心灵的转化
    
 
作者: 顾红亮 编
分册:  
出版信息: 上海   华东师范大学出版社  2017
页数: 325页
开本: 24cm
丛书名:
单 册:
中图分类: B712.51-53
科图分类:
主题词: 思想评论--美国--现代--文集
电子资源:
ISBN: 978-7-5675-6885-3
000 01222nam0 2200253 450
001 6008
005 20180530102214.59
010    @a978-7-5675-6885-3@b精装@dCNY138.00
100    @a20180315d2017 em y0chiy50 ea
101 0  @achi
102    @aCN@b310000
105    @ay z 000yy
200 1  @a中国心灵的转化@9zhong guo xin ling de zhuan hua@e杜威论中国@f顾红亮编
210    @a上海@c华东师范大学出版社@d2017
215    @a325页@d24cm
300    @a杜威选集/刘放桐,陈亚军主编
330    @a本书是杜威在中国访问的两年间,写下大量与中国话题相关的文章,描述了当时发生的大量的中国现象、事件、运动,夹杂着他的理解、评论、对策建议。据不完全统计,《杜威全集》一共收录中国论述文章53篇,包括时论、论文、游记、书评、对来信的答复、解密报告等。编入本选集的文章不限于《杜威全集》的53篇作品,还包括杜威夫妇所写的部分家信和在中国所作的关于中国问题的部分演讲。这些文章、书信和演讲的主题相对集中,都与当时中国的外交、内政、思想文化、教育等话题相关。
517 1  @a杜威论中国@9du wei lun zhong guo
600  0 @a杜威@c(Dewey, John@f1859-1952)@x思想评论@j文集
606 0  @a思想评论@y美国@z现代@j文集
690    @aB712.51-53@v5
701  0 @a顾红亮@9gu hong liang@4编
801  0 @aCN@b91MARC@c20180315
905    @aMuseLib@dB712.51-53@e46
    
    中国心灵的转化:杜威论中国/顾红亮编.-上海:华东师范大学出版社,2017
    325页;24cm
    杜威选集/刘放桐,陈亚军主编
    
    ISBN 978-7-5675-6885-3(精装):CNY138.00
    本书是杜威在中国访问的两年间,写下大量与中国话题相关的文章,描述了当时发生的大量的中国现象、事件、运动,夹杂着他的理解、评论、对策建议。据不完全统计,《杜威全集》一共收录中国论述文章53篇,包括时论、论文、游记、书评、对来信的答复、解密报告等。编入本选集的文章不限于《杜威全集》的53篇作品,还包括杜威夫妇所写的部分家信和在中国所作的关于中国问题的部分演讲。这些文章、书信和演讲的主题相对集中,都与当时中国的外交、内政、思想文化、教育等话题相关。
●
相关链接 在E读中查询图书 在五车中查询图书 在当当中查询图书 在豆瓣中查询图书


正题名:中国心灵的转化     索取号:B712.51-53/46         预约/预借

序号 登录号 条形码 馆藏地/架位号 状态 备注
1 1115727   211157273   第一样本阅览室/ [索取号:B712.51-53/46] 在馆    
2 1115728   211157282   教育系资料室/ [索取号:B712.51-53/46] 在馆    
唐山师范学院图书馆 欢迎您!
大连网信软件有限公司© 版权所有